| 000 | 00732nam a2200217Ia 4500 | ||
|---|---|---|---|
| 005 | 20220512155233.0 | ||
| 008 | 210716s2019 xx 000 0 und d | ||
| 020 | _a9789353162399 | ||
| 040 | _cAIMIT LIBRARY | ||
| 041 | _aeng | ||
| 082 |
_a382 _211 _bHILC |
||
| 100 |
_aHill, Charles W.L. _936468 |
||
| 245 |
_aInternational business : _bcompeting in the global marketplace / _cBy Charles W.L. Hill; G.Thomas M.Hult and Rohit Mehtani. |
||
| 250 | _a11th ed. | ||
| 260 |
_aNew Delhi : _bMc Graw Hill , _c2019. |
||
| 300 |
_axlv,835p. ; _bPB _c23cm. |
||
| 650 |
_aNational differences in economic development _936469 |
||
| 700 |
_aHult, G Thomas M. _936470 |
||
| 700 |
_aMehtani, Rohit. _936471 |
||
| 942 |
_2ddc _cBK _e11th _k382 HILC |
||
| 999 |
_c210929 _d210929 |
||